Lizards and spiders (KHMER) / (Record no. 42871)
| 000 -LEADER | |
|---|---|
| fixed length control field | 00383nam a22001337a 4500 |
| 008 - FIXED-LENGTH DATA ELEMENTS--GENERAL INFORMATION | |
| fixed length control field | 211027b |||||||| |||| 00| 0 eng d |
| 020 ## - INTERNATIONAL STANDARD BOOK NUMBER | |
| International Standard Book Number | 9789995001834 |
| 100 ## - MAIN ENTRY--PERSONAL NAME | |
| Personal name | Sok, Ralin |
| 9 (RLIN) | 80251 |
| 245 ## - TITLE STATEMENT | |
| Title | Lizards and spiders (KHMER) / |
| Statement of responsibility, etc | Ralin Sok |
| 260 ## - PUBLICATION, DISTRIBUTION, ETC. (IMPRINT) | |
| Place of publication, distribution, etc | Phnom Penh, Cambodia |
| Name of publisher, distributor, etc | PDH |
| Date of publication, distribution, etc | 2018 |
| 300 ## - PHYSICAL DESCRIPTION | |
| Extent | 8 p. |
| Other physical details | col. ill. |
| Dimensions | 18 cm. |
| 650 ## - SUBJECT ADDED ENTRY--TOPICAL TERM | |
| Topical term or geographic name as entry element | Khmer story book |
| 9 (RLIN) | 80244 |
| 942 ## - ADDED ENTRY ELEMENTS (KOHA) | |
| Source of classification or shelving scheme | |
| Item type | Book |
| Withdrawn status | Lost status | Source of classification or shelving scheme | Damaged status | Not for loan | Collection code | Home library | Current library | Date acquired | Total Checkouts | Full call number | Barcode | Date last seen | Date last borrowed | Price effective from | Koha item type |
|---|---|---|---|---|---|---|---|---|---|---|---|---|---|---|---|
| Siem Reap | Asian Hope Primary Library | Asian Hope Primary Library | 10/27/2021 | 1 | KHMER E SOK | 200109 | 04/29/2024 | 01/17/2022 | 10/27/2021 | Book | |||||
| Siem Riep | Asian Hope Primary Library | Asian Hope Primary Library | 05/07/2025 | 4 | KHMER E SOK | 207853 | 02/12/2026 | 02/05/2026 | 05/07/2025 | Book |